Premier League Équipes 2024-25 - Statistiques

Statistiques générales
  • Ce quiz a été pris 842 fois
  • Le résultat moyen est 15 sur 20
Statistiques - réponses
Premier League % Correct
Manchester City
100%
Manchester United
100%
Arsenal
96%
Liverpool
96%
Chelsea
95%
Tottenham Hotspur
86%
Aston Villa
83%
Wolverhampton Wanderers
75%
Everton
74%
West ham United
74%
Brighton
73%
Leicester City
72%
Newcastle United
72%
Crystal Palace
64%
Nottingham Forest
63%
Brentford
60%
Bournemouth
58%
Fulham
57%
Southampton
55%
Ipswich Town
47%
Aucun quiz correspondant
Distribution des résultats
% des personnes avec chaque résultat
Percentile par nombre de réponses
Votre historique - résultats
Vous n’avez pas pris ce quiz